[Event "27th Open"]
[Site "Cappelle la Grande FRA"]
[Date "2011.02.28"]
[Round "4"]
[White "Santos,AntonioP"]
[Black "Chardin,T"]
[Result "1-0"]
[WhiteElo "2335"]
[BlackElo "2085"]
[EventDate "2011.02.26"]

1. d4 d5 2. c4 e6 3. Nf3 Nf6 4. g3 Nbd7 5. Bg2 Bd6 6. O-O c6 7. Nc3 O-O 8.
Qd3 Qe7 9. Bg5 h6 10. Bxf6 Qxf6 11. e4 dxc4 12. Qxc4 e5 13. d5 Nb6 14. Qb3
Bd7 15. a4 Rab8 16. Nd2 Kh8 17. Rad1 Qe7 18. a5 Nc8 19. Nc4 Bc7 20. d6 Nxd6
21. Qa3 Be6 22. Nxd6 Rfd8 23. Nc4 Qxa3 24. Nxa3 Bxa5 25. Rxd8+ Rxd8 26. Rd1
b5 27. Rxd8+ Bxd8 28. Nc2 a5 29. Bf1 Bb3 30. Bd3 b4 31. Ne2 Be7 32. Ne3 a4
33. Bc4 Bxc4 34. Nxc4 a3 35. bxa3 bxa3 36. Nc3 f6 37. Kf1 g5 38. g4 Kg7 39.
Na2 h5 40. h3 hxg4 41. hxg4 Kf7 42. Na5 Ke6 43. Nxc6 Bc5 44. Ke2 Kd6 45.
Na5 Kc7 46. f3 Kb6 47. Nc4+ Kb5 48. Kd3 Ka4 49. Kc3 Bd4+ 50. Kc2 Bc5 51.
Nd2 Bd4 52. Nb1 Bb2 53. Nbc3+ 1-0

[Event "27th Open"]
[Site "Cappelle la Grande FRA"]
[Date "2011.02.28"]
[Round "4"]
[White "Marechal,A"]
[Black "Dessenne,F"]
[Result "1-0"]
[WhiteElo "2326"]
[BlackElo "2065"]
[EventDate "2011.02.26"]

1. e4 c5 2. Nc3 a6 3. g3 b5 4. Bg2 Bb7 5. d3 b4 6. Nb1 g6 7. f4 Bg7 8. Nf3
e6 9. Qe2 Ne7 10. O-O Nbc6 11. Nbd2 O-O 12. e5 d6 13. Nc4 Nf5 14. Qf2 Ncd4
15. Nxd4 Bxg2 16. Kxg2 cxd4 17. g4 Ne3+ 18. Bxe3 dxe3 19. Qxe3 dxe5 20.
fxe5 Qd5+ 21. Qf3 Rac8 22. Rae1 Rfd8 23. Re4 Rc7 24. Rf2 a5 25. b3 Rf8 26.
g5 a4 27. Ne3 Qd8 28. Qf4 axb3 29. axb3 Rc5 30. Nc4 Qa8 31. Qf3 Qd5 32. h4
Qd8 33. Kh3 Qc7 34. Qe3 Rd5 35. Re2 Rfd8 36. Re1 Ra8 37. Qb6 Qd7 38. Qxb4
Bf8 39. Qd2 Rb8 40. Qf4 Bc5 41. Ne3 Bb4 1-0

[Event "27th Open"]
[Site "Cappelle la Grande FRA"]
[Date "2011.02.28"]
[Round "4"]
[White "Midoux,S"]
[Black "Dengler,D"]
[Result "1/2-1/2"]
[WhiteElo "2318"]
[BlackElo "2063"]
[EventDate "2011.02.26"]

1. e4 e6 2. d4 d5 3. Nd2 Nf6 4. e5 Nfd7 5. f4 c5 6. Ngf3 Nc6 7. Nb3 c4 8.
Nbd2 b5 9. Be2 Qb6 10. Nf1 b4 11. Ne3 Be7 12. O-O g6 13. c3 a5 14. g4 Na7
15. Bd2 Bb7 16. Be1 Nb5 17. Nc2 Nc7 18. Qd2 Na6 19. Bh4 Bxh4 20. Nxh4 O-O-O
21. Nf3 f6 22. b3 g5 23. cxb4 axb4 24. exf6 c3 25. Qe3 gxf4 26. Qxf4 Rdf8
27. g5 h6 28. h4 Rhg8 29. f7 Rg7 30. Ne5 hxg5 31. hxg5 Qd8 32. Ng4 Rxg5 33.
Qd6 e5 34. Nxb4 Nc7 35. Nc6 Bxc6 36. Qxc6 Kb8 37. Qxc3 exd4 38. Qxd4 Qe7
39. Rae1 Qd6 40. Rf4 Ne6 41. Qb4+ Qxb4 42. Rxb4+ Kc7 43. Bd1 Ndc5 44. Rf1
Rg7 45. Be2 Rfxf7 46. Rxf7+ Rxf7 47. Rb5 Ne4 48. Ne3 d4 49. Nd5+ Kd6 50.
Rb6+ Ke5 51. Bc4 N6g5 52. Nb4 Nf3+ 53. Kg2 Ne1+ 54. Kg1 Nf3+ 55. Kf1 Nfd2+
56. Ke1 Nxc4 57. bxc4 Nc3 58. Rh6 Rb7 59. a3 Nb1 60. Rh8 Ke4 61. Rh4+ Ke5
62. Nd3+ Kf6 63. a4 Re7+ 64. Kf2 Nc3 65. Rf4+ Kg5 66. Rxd4 Nxa4 67. c5 Nc3
68. c6 Rc7 69. Rc4 Ne4+ 70. Rxe4 Rxc6 71. Kf3 Rc3 72. Rd4 Ra3 73. Ke4 Ra5
74. Ne5 Rb5 75. Nf3+ Kf6 76. Rd6+ Ke7 77. Ra6 Rh5 78. Nd4 Rc5 79. Nc6+ Kd7
80. Ne5+ Ke7 81. Kf5 Rc1 82. Ra7+ Kf8 83. Ke6 Re1 84. Ra2 Kg7 85. Rg2+ Kf8
86. Rg4 Re2 87. Rg1 Re3 88. Rf1+ Kg7 89. Rf7+ Kg8 90. Rf4 Re1 91. Kf6 Ra1
92. Rg4+ Kf8 93. Nd7+ Ke8 94. Nc5 Rf1+ 95. Ke6 Re1+ 96. Ne4 Kd8 97. Kd6
Rd1+ 98. Kc6 Ke7 99. Rf4 Ke6 100. Nc5+ Ke5 101. Rc4 Rd2 1/2-1/2

[Event "27th Open"]
[Site "Cappelle la Grande FRA"]
[Date "2011.02.28"]
[Round "4"]
[White "Neuhauser,S"]
[Black "Giffard,N"]
[Result "0-1"]
[WhiteElo "2066"]
[BlackElo "2317"]
[EventDate "2011.02.26"]

1. Nf3 Nf6 2. g3 b6 3. Bg2 Bb7 4. O-O c5 5. d3 g6 6. b3 Bg7 7. Bb2 d5 8.
Nbd2 O-O 9. e4 d4 10. a4 Nc6 11. Nc4 Nd7 12. Nfd2 Qc7 13. f4 e5 14. Bc1 f5
15. exf5 gxf5 16. Nf3 Rae8 17. Ng5 Nd8 18. Bxb7 Nxb7 19. fxe5 Nxe5 20. Bf4
Qc6 21. Nxe5 Bxe5 22. Bxe5 Rxe5 23. Nh3 Rfe8 24. Nf4 Nd8 25. Qf3 Qxf3 26.
Rxf3 Nf7 27. Nh5 R8e6 28. Raf1 Nh6 29. h3 Re1 30. Nf4 R6e5 31. Rxe1 Rxe1+
32. Rf1 Re3 33. Kf2 Nf7 34. Re1 Rxe1 35. Kxe1 Ne5 36. Nd5 Kf7 37. Ke2 Ke6
38. Nf4+ Kd6 39. Nh5 Ke7 40. Ng7 Kf6 41. Ne8+ Kf7 42. Nc7 Nc6 43. Nb5 Ke6
44. Na3 Nb4 45. Kd1 f4 46. gxf4 Kf5 47. Nb5 Kxf4 48. Nxa7 Kg3 49. Nc8 Nd5
50. Nd6 Kxh3 51. Nb7 Kg2 52. a5 bxa5 53. Nxc5 h5 54. Ke2 h4 55. Ne4 h3 56.
Nf2 h2 57. Ke1 Nc3 58. Nh1 Kxh1 59. Kf2 Nd1+ 0-1

[Event "27th Open"]
[Site "Cappelle la Grande FRA"]
[Date "2011.02.28"]
[Round "4"]
[White "Rodriguez Lopez,Ra"]
[Black "Hoffmann,Rog"]
[Result "1-0"]
[WhiteElo "2317"]
[BlackElo "2055"]
[EventDate "2011.02.26"]

1. e4 Nf6 2. e5 Nd5 3. d4 d6 4. Nf3 dxe5 5. Nxe5 c6 6. Be2 Nd7 7. Nf3 g6 8.
c4 Nc7 9. Nc3 Bg7 10. O-O O-O 11. Be3 e5 12. Re1 exd4 13. Bxd4 Nf6 14. Qb3
Ne6 15. Be3 Qa5 16. Nd4 Nc5 17. Qc2 Ng4 18. Bxg4 Bxg4 19. h3 Be6 20. a3 Qa6
21. b3 Rfe8 22. a4 Qa5 23. Rab1 Qb4 24. Na2 Qa5 25. b4 Qxa4 26. bxc5 Qxc2
27. Nxc2 Bxc4 28. Nc1 Bb5 29. Rd1 Rad8 30. Nd4 Rd5 31. Ncb3 Red8 32. Rd2
Ba4 33. Nf3 Rxd2 34. Nbxd2 Bb5 35. Ne4 Bd3 36. Rd1 Rd5 37. Nd6 b5 38. Nc8
Bf6 39. Nxa7 b4 40. Nxc6 1-0

[Event "27th Open"]
[Site "Cappelle la Grande FRA"]
[Date "2011.02.28"]
[Round "4"]
[White "Szylar,E"]
[Black "Collas,S"]
[Result "0-1"]
[WhiteElo "2065"]
[BlackElo "2311"]
[EventDate "2011.02.26"]

1. e4 c5 2. Nf3 e6 3. d4 cxd4 4. Nxd4 a6 5. Bd3 Nf6 6. Nc3 d6 7. O-O Nbd7
8. a4 b6 9. Be3 Qc7 10. f4 Bb7 11. g4 h5 12. g5 Ng4 13. Bd2 b5 14. g6 Qb6
15. gxf7+ Kxf7 16. Nce2 Ndf6 17. h3 Nxe4 18. hxg4 hxg4 19. Bxe4 Bxe4 20.
Be3 Rh3 21. Qd2 Be7 22. Nf3 Qb7 23. Ng5+ Bxg5 24. fxg5+ Bf5 25. Kf2 Rc8 26.
c3 Qf3+ 27. Ke1 Qxe3 28. Qxd6 Rc5 29. Qd7+ Kg6 30. Qe8+ Kxg5 0-1

[Event "27th Open"]
[Site "Cappelle la Grande FRA"]
[Date "2011.02.28"]
[Round "4"]
[White "Achereiner,G"]
[Black "Vul,A"]
[Result "0-1"]
[WhiteElo "2056"]
[BlackElo "2301"]
[EventDate "2011.02.26"]

1. d4 d5 2. c4 e6 3. Nc3 c6 4. Nf3 Nf6 5. Bg5 Nbd7 6. e3 Qa5 7. cxd5 Nxd5
8. Qd2 Bb4 9. Rc1 h6 10. Bh4 O-O 11. a3 Bxc3 12. bxc3 Qxa3 13. e4 N5f6 14.
Bd3 Re8 15. O-O b5 16. Rfe1 Bb7 17. Bb1 c5 18. Bxf6 Nxf6 19. e5 Nd5 20. Qd3
g6 21. Nh4 Ne7 22. Qg3 Kg7 23. f4 Kh7 24. Nf3 Bxf3 25. Qxf3 cxd4 26. h4
Rac8 27. h5 Rxc3 28. Rxc3 Qxc3 29. hxg6+ fxg6 30. Qe4 Rf8 31. Bd3 Rxf4 32.
Qxf4 Qxe1+ 33. Kh2 Nf5 34. Bxf5 gxf5 35. Qxd4 Kg6 36. Qd6 Qh4+ 37. Kg1 Qc4
38. Kh2 b4 39. Qb8 Qh4+ 40. Kg1 Qe7 0-1

[Event "27th Open"]
[Site "Cappelle la Grande FRA"]
[Date "2011.02.28"]
[Round "4"]
[White "Van Overdam,Jan"]
[Black "Klinova,M"]
[Result "0-1"]
[WhiteElo "2041"]
[BlackElo "2295"]
[EventDate "2011.02.26"]

1. e4 d6 2. Nc3 g6 3. f4 Bg7 4. Nf3 c5 5. Bb5+ Nc6 6. Bxc6+ bxc6 7. d3 Nf6
8. O-O O-O 9. Qe1 Rb8 10. Qh4 c4 11. d4 d5 12. e5 Ne4 13. Ne2 f6 14. c3 c5
15. Rd1 Qc7 16. Qe1 fxe5 17. dxe5 Qc6 18. Ng3 Nxg3 19. hxg3 Bf5 20. Qf2 Rb5
21. Qd2 e6 22. Qe3 Rd8 23. Qf2 Bf8 24. Kh2 Qb6 25. Rd2 Be7 26. Rd1 Bg4 27.
Qe2 Qc6 28. Be3 Qb7 29. Bc1 a5 30. a3 a4 31. Rd2 Qc6 32. Rd1 Rb7 33. Be3
Rdb8 34. Bc1 Qe8 35. Ra2 Rb3 36. Be3 Qf8 37. Rd2 Qf5 38. Ra1 Qf8 39. Ra2
Qc8 40. Rd1 Qb7 41. Bc1 Bd8 42. Kh1 Bb6 43. Be3 d4 44. cxd4 Qe4 45. Re1
cxd4 46. Bg1 Qxe2 47. Rxe2 Rxf3 0-1

[Event "27th Open"]
[Site "Cappelle la Grande FRA"]
[Date "2011.02.28"]
[Round "4"]
[White "Vandervorst,JM"]
[Black "Nemcova,Kat"]
[Result "0-1"]
[WhiteElo "2034"]
[BlackElo "2289"]
[EventDate "2011.02.26"]

1. d4 Nf6 2. Nf3 d6 3. b3 g6 4. Bb2 Bg7 5. e3 O-O 6. Be2 c5 7. O-O b6 8. c4
e6 9. Nc3 Bb7 10. Qc2 Nc6 11. Rac1 Qe7 12. Rfd1 Rfd8 13. a3 Rac8 14. d5
exd5 15. Nxd5 Nxd5 16. cxd5 Ne5 17. Nxe5 Bxe5 18. Bxe5 Qxe5 19. Qc3 Bxd5
20. Ba6 Rb8 21. Qxe5 dxe5 22. Bc4 Bxc4 23. bxc4 Kf8 24. Kf1 Ke7 25. Rd5
Rxd5 26. cxd5 Kd6 27. e4 b5 28. Ke2 a5 29. Kd3 c4+ 30. Kc3 Kc5 31. Rd1 Rb6
32. f3 f6 33. g3 b4+ 34. axb4+ axb4+ 35. Kb2 c3+ 36. Kb3 Ra6 37. f4 Ra3+
38. Kc2 Kc4 0-1

[Event "27th Open"]
[Site "Cappelle la Grande FRA"]
[Date "2011.02.28"]
[Round "4"]
[White "Mauquoi,R"]
[Black "Videnova,I"]
[Result "0-1"]
[WhiteElo "2017"]
[BlackElo "2284"]
[EventDate "2011.02.26"]

1. e4 c5 2. Nf3 d6 3. d4 cxd4 4. Nxd4 Nf6 5. Nc3 g6 6. Be2 Bg7 7. Be3 Nc6
8. Nb3 O-O 9. O-O a6 10. f4 b5 11. Bf3 Bb7 12. Qe2 Nd7 13. Qf2 Rb8 14. Rad1
Na5 15. Nxa5 Qxa5 16. e5 Bxf3 17. Qxf3 Nb6 18. Nd5 Nxd5 19. Qxd5 dxe5 20.
fxe5 e6 21. Qd7 Rbd8 22. Qa7 Rxd1 23. Rxd1 Bxe5 24. Bc5 Rd8 25. Rxd8+ Qxd8
26. c3 Bb8 27. Qxa6 Qd1+ 28. Kf2 Qd2+ 29. Kf1 Qc1+ 30. Kf2 Qf4+ 31. Ke2
Qc4+ 0-1

[Event "27th Open"]
[Site "Cappelle la Grande FRA"]
[Date "2011.02.28"]
[Round "4"]
[White "Hadet,E"]
[Black "Plukkel,S"]
[Result "0-1"]
[WhiteElo "2006"]
[BlackElo "2276"]
[EventDate "2011.02.26"]

1. c4 Nf6 2. g3 e5 3. Bg2 d5 4. cxd5 Nxd5 5. Nc3 Nb6 6. Nf3 Nc6 7. O-O Be7
8. a3 a5 9. d3 O-O 10. Be3 Be6 11. Rc1 f5 12. Na4 Nxa4 13. Qxa4 Bf6 14.
Rxc6 bxc6 15. Qxc6 Bd5 16. Qc5 c6 17. Rd1 Rb8 18. Bc1 Rb5 19. Qe3 Qe7 20.
d4 e4 21. Nd2 Bg5 22. f4 Bf6 23. Nb1 Bb3 24. Rd2 Rd8 25. Nc3 Rb7 26. g4 Qd6
27. d5 cxd5 28. gxf5 Qe7 29. Kh1 Rc7 30. Qg1 d4 31. Nxe4 Rdc8 32. Nxf6+
Qxf6 0-1

[Event "27th Open"]
[Site "Cappelle la Grande FRA"]
[Date "2011.02.28"]
[Round "4"]
[White "Ten Hertog,H"]
[Black "Audin,T"]
[Result "1/2-1/2"]
[WhiteElo "2272"]
[BlackElo "2034"]
[EventDate "2011.02.26"]

1. e4 e6 2. d4 d5 3. Nc3 Bb4 4. e5 c5 5. Bd2 Ne7 6. Nb5 Bxd2+ 7. Qxd2 O-O
8. c3 Nbc6 9. f4 f6 10. Nf3 a6 11. Nd6 cxd4 12. cxd4 Qb6 13. O-O-O Bd7 14.
Kb1 Nc8 15. Nxc8 Raxc8 16. exf6 gxf6 17. g4 Na5 18. Bd3 Bb5 19. h4 Bc4 20.
g5 Qb5 21. Bxc4 Nxc4 22. Qc3 Ne5 23. Qe3 Nc4 24. Qxe6+ Kh8 25. b3 Na3+ 26.
Ka1 Nc2+ 27. Kb1 Na3+ 28. Ka1 Nc2+ 29. Kb1 1/2-1/2

[Event "27th Open"]
[Site "Cappelle la Grande FRA"]
[Date "2011.02.28"]
[Round "4"]
[White "Le Montagner,Y"]
[Black "Jablonski,N"]
[Result "0-1"]
[WhiteElo "1998"]
[BlackElo "2266"]
[EventDate "2011.02.26"]

1. e4 c5 2. Nf3 e6 3. d4 cxd4 4. Nxd4 Nf6 5. Nc3 d6 6. Be2 Be7 7. O-O a6 8.
Be3 Qc7 9. f4 b5 10. Bf3 Bb7 11. e5 dxe5 12. fxe5 Qxe5 13. Bxb7 Qxe3+ 14.
Kh1 Ra7 15. Rf3 Qe5 16. Nc6 Nxc6 17. Bxc6+ Kf8 18. Rd3 g6 19. Qf3 Kg7 20.
Rf1 Rc8 21. a4 b4 22. Ne4 Rxc6 23. Nxf6 Qxf6 0-1

[Event "27th Open"]
[Site "Cappelle la Grande FRA"]
[Date "2011.02.28"]
[Round "4"]
[White "Dubreuil,J"]
[Black "Feryn,B"]
[Result "0-1"]
[WhiteElo "2264"]
[BlackElo "2025"]
[EventDate "2011.02.26"]

1. e4 e5 2. Nf3 Nc6 3. Bb5 Nge7 4. Nc3 g6 5. d4 exd4 6. Nd5 Bg7 7. Bg5 h6
8. Bf6 Bxf6 9. Nxf6+ Kf8 10. Qd2 Kg7 11. Nxd4 d6 12. Nd5 Nxd5 13. Nxc6 bxc6
14. Bxc6 Nb6 15. Bxa8 Nxa8 16. Qd4+ Qf6 17. Qxa7 Qxb2 18. O-O Be6 19. a4
Qxc2 20. Qd4+ Kh7 21. Rac1 Qb3 22. h4 h5 23. a5 Qb5 24. f4 Qxa5 25. f5 gxf5
26. exf5 Bxf5 27. Ra1 Qb5 28. Qf6 Bg6 29. Rae1 Rg8 30. Re7 Rg7 31. Rfe1 d5
32. Qf3 Qd3 33. Qxd3 Bxd3 34. R1e5 Be4 35. Rxh5+ Kg6 36. Rg5+ Kh6 37. Rxg7
Kxg7 38. g4 c5 39. Kf2 Nb6 40. Ke3 Bh7 41. Rb7 d4+ 42. Kf2 Na4 43. h5 Nc3
44. Rc7 d3 45. Ke1 Ne4 46. Rc6 f6 47. Rc7+ Kh6 48. Rc8 f5 49. Rc6+ Kg5 50.
Rc7 Kxg4 51. Rxh7 c4 52. h6 c3 53. Rg7+ Kf4 54. h7 c2 55. Rc7 d2+ 0-1

[Event "27th Open"]
[Site "Cappelle la Grande FRA"]
[Date "2011.02.28"]
[Round "4"]
[White "Favarel,A"]
[Black "Vereggen,L"]
[Result "1-0"]
[WhiteElo "2257"]
[BlackElo "1999"]
[EventDate "2011.02.26"]

1. e4 c5 2. Nf3 g6 3. c3 Bg7 4. d4 cxd4 5. cxd4 d5 6. e5 Nc6 7. Bb5 Nh6 8.
O-O O-O 9. Bxc6 bxc6 10. Nbd2 f6 11. exf6 Bxf6 12. Nb3 Nf5 13. Re1 Nd6 14.
Bh6 Rf7 15. Ng5 Bxg5 16. Bxg5 Ne4 17. Bh4 g5 18. Bg3 a5 19. f3 Nxg3 20.
hxg3 Qc7 21. Re5 Rf5 22. Rxf5 Bxf5 23. g4 Bg6 24. Qd2 e5 25. Qxg5 exd4 26.
Nxd4 Qb6 27. Qd2 Re8 28. Kh1 Re5 29. Rc1 c5 30. Nb3 c4 31. Nxa5 Bd3 32. b3
Re2 33. Qg5+ Kf8 34. bxc4 Qxa5 35. cxd5 Re1+ 36. Rxe1 Qxe1+ 37. Kh2 Qe7 38.
Qf4+ Ke8 39. Qb8+ Kf7 40. Qf4+ Ke8 41. Kh3 Qe1 42. a4 Qh1+ 43. Kg3 Qe1+ 44.
Kh3 Qh1+ 45. Qh2 Qa1 46. Qb8+ Kf7 47. Qc7+ Kf6 48. Qf4+ Ke7 49. Qe3+ Kf6
50. g5+ 1-0

[Event "27th Open"]
[Site "Cappelle la Grande FRA"]
[Date "2011.02.28"]
[Round "4"]
[White "De Leur,B"]
[Black "Bauduin,E"]
[Result "0-1"]
[WhiteElo "1996"]
[BlackElo "2255"]
[EventDate "2011.02.26"]

1. c4 f5 2. g3 Nf6 3. Bg2 e6 4. Nc3 d5 5. b3 d4 6. Nb1 c5 7. d3 Nc6 8. Nf3
Bd6 9. O-O O-O 10. Bb2 Qe8 11. e3 dxe3 12. fxe3 Ng4 13. Qd2 Qh5 14. Bh1 Qh6
15. Re1 e5 16. Nc3 Bd7 17. Nd5 e4 18. dxe4 fxe4 19. Nh4 Rf2 20. Nf6+ Qxf6
21. Qd5+ Qf7 22. Qxd6 Rxb2 23. Rf1 Qe6 24. Qf4 Nf6 25. Rad1 Nb4 26. Qg5 Qg4
27. Qxc5 Qh3 28. Bg2 Rxg2+ 29. Nxg2 Ng4 30. Rf4 Qxh2+ 31. Kf1 Qh1+ 32. Ke2
Qxg2+ 33. Ke1 Nc2+ 0-1

[Event "27th Open"]
[Site "Cappelle la Grande FRA"]
[Date "2011.02.28"]
[Round "4"]
[White "Papp,Petra"]
[Black "Oosterman,M"]
[Result "1/2-1/2"]
[WhiteElo "2230"]
[BlackElo "1993"]
[EventDate "2011.02.26"]

1. e4 c6 2. d4 d5 3. exd5 cxd5 4. c4 Nf6 5. Nc3 e6 6. Nf3 Bb4 7. cxd5 exd5
8. Bd3 O-O 9. O-O Bg4 10. Bg5 Bxc3 11. bxc3 Nbd7 12. Qc2 Qc7 13. Bh4 Rac8
14. Rac1 Bxf3 15. Bg3 Qc6 16. gxf3 Rfe8 17. Kh1 g6 18. Qd2 Nh5 19. Bh4 Nf8
20. Rg1 Qd6 21. Rg4 Kg7 22. Bg5 Ne6 23. Bh6+ Kh8 24. Rcg1 Rg8 25. Rh4 Qe7
26. Rh3 Qc7 1/2-1/2

[Event "27th Open"]
[Site "Cappelle la Grande FRA"]
[Date "2011.02.28"]
[Round "4"]
[White "Haverkamp,K"]
[Black "Hoolt,S"]
[Result "1/2-1/2"]
[WhiteElo "1987"]
[BlackElo "2229"]
[EventDate "2011.02.26"]

1. e4 c5 2. c3 Nf6 3. e5 Nd5 4. d4 cxd4 5. Qxd4 e6 6. Nf3 Nc6 7. Qe4 d6 8.
g3 Qc7 9. exd6 Bxd6 10. Bg2 O-O 11. O-O f5 12. Qe2 Bd7 13. Nbd2 Nb6 14. Nc4
Nxc4 15. Qxc4 h6 16. Rd1 Rad8 17. Bf4 Bxf4 18. gxf4 Qb6 19. Rd2 Bc8 20.
Rad1 Rxd2 21. Rxd2 Rd8 22. Qe2 Qc7 23. Ne5 Rxd2 24. Qxd2 Nxe5 25. fxe5 Kf7
26. Qd4 b6 27. b4 Ba6 28. Bf1 Bxf1 29. Kxf1 Qc6 30. c4 Kg8 31. c5 bxc5 32.
bxc5 Qb5+ 33. Kg2 Qc6+ 34. f3 Qa6 35. a4 Qe2+ 36. Kg3 Qe1+ 37. Kg2 Qc1 38.
Qd6 Qc4 39. c6 Qe2+ 40. Kg1 Qe1+ 1/2-1/2

[Event "27th Open"]
[Site "Cappelle la Grande FRA"]
[Date "2011.02.28"]
[Round "4"]
[White "Vogel,Ja"]
[Black "Uehara,S"]
[Result "1-0"]
[WhiteElo "2207"]
[BlackElo "1987"]
[EventDate "2011.02.26"]

1. d4 Nf6 2. Nf3 g6 3. g3 Bg7 4. Bg2 O-O 5. O-O d5 6. c4 dxc4 7. Na3 Nc6 8.
Nxc4 Be6 9. b3 Nd5 10. Bb2 Nb6 11. Nce5 Nxe5 12. Nxe5 c6 13. e3 Qd6 14. Nd3
Rfd8 15. Nc5 Bc8 16. Qe2 Nd5 17. Rfd1 Nc7 18. Rac1 h5 19. h3 Rb8 20. e4 e6
21. e5 Qe7 22. Ne4 Ne8 23. h4 Bh6 24. Rc4 Qd7 25. Ba3 Bf8 26. Bxf8 Kxf8 27.
Qe3 Kg7 28. Qg5 Kg8 29. Bf3 Kh7 30. Kg2 b5 31. Rxc6 Bb7 32. Nc5 Bxc6 33.
Nxd7 Bxf3+ 34. Kxf3 Rxd7 35. Kg2 Rc8 36. Qd2 Nc7 37. Qa5 Rb8 38. Rc1 Rb7
39. Rc5 b4 40. Rc4 Rd5 41. Qa6 Rdb5 42. Qd6 Ne8 43. Qf8 1-0

[Event "27th Open"]
[Site "Cappelle la Grande FRA"]
[Date "2011.02.28"]
[Round "4"]
[White "Le Pape,V"]
[Black "Limontaite,S"]
[Result "0-1"]
[WhiteElo "1985"]
[BlackElo "2198"]
[EventDate "2011.02.26"]

1. d4 d5 2. c4 e6 3. Nc3 c6 4. Nf3 Nf6 5. Bg5 h6 6. Bh4 dxc4 7. e4 g5 8.
Bg3 b5 9. e5 Nh5 10. a4 Bb4 11. Be2 Ng7 12. Nd2 Nf5 13. axb5 Qxd4 14. Qa4
a5 15. bxc6 Na6 16. Nde4 Qxe4 17. c7+ Bd7 18. Qxd7+ Kxd7 19. O-O-O+ Qd3 0-1

[Event "27th Open"]
[Site "Cappelle la Grande FRA"]
[Date "2011.02.28"]
[Round "4"]
[White "Remille,T"]
[Black "Richet,V"]
[Result "1-0"]
[WhiteElo "2196"]
[BlackElo "1971"]
[EventDate "2011.02.26"]

1. d4 Nf6 2. c4 g6 3. Nc3 Bg7 4. e4 d6 5. Nf3 O-O 6. Be2 e5 7. O-O Nc6 8.
d5 Ne7 9. Ne1 Nd7 10. Nd3 f5 11. Bd2 fxe4 12. Nxe4 Nf6 13. f3 Nf5 14. Ndf2
Bh6 15. Nxf6+ Qxf6 16. Ng4 Qg7 17. Nxh6+ Nxh6 18. f4 Nf5 19. fxe5 dxe5 20.
c5 Bd7 21. Bc4 Nd4 22. Rxf8+ Rxf8 23. Bg5 Kh8 24. Qd2 Rf5 25. Bd3 Rf7 26.
Re1 Bf5 27. Bc4 h5 28. Bh6 Qf6 29. Bg5 Qg7 30. Bh6 Qf6 31. Qg5 e4 32. Qxf6+
Rxf6 33. Bf4 1-0

[Event "27th Open"]
[Site "Cappelle la Grande FRA"]
[Date "2011.02.28"]
[Round "4"]
[White "Demanghon,J"]
[Black "Boyarchenko,M"]
[Result "1/2-1/2"]
[WhiteElo "2193"]
[BlackElo "1979"]
[EventDate "2011.02.26"]

1. d4 Nf6 2. c4 d6 3. Nc3 Nbd7 4. e4 e5 5. Nf3 Be7 6. Be2 O-O 7. O-O c6 8.
Re1 Qc7 9. Bf1 a6 10. h3 b5 11. a3 exd4 12. Nxd4 Ne5 13. cxb5 axb5 14. Bf4
Rd8 15. Rc1 Qb6 16. Be3 Qb7 17. Qb3 Nfd7 18. Nf5 Nc5 19. Nxe7+ Qxe7 20. Qc2
Be6 21. Bxc5 dxc5 22. Rcd1 Rxd1 23. Rxd1 Rd8 24. f4 Nc4 25. f5 Bc8 26. Bxc4
bxc4 27. Ne2 Ba6 28. Rxd8+ Qxd8 29. Qa4 Bb5 30. Qa7 h5 31. a4 Qd1+ 32. Kf2
Bxa4 33. Qxc5 Bb5 34. Qd4 Qc2 35. Kf3 c3 36. Nxc3 Qxb2 37. e5 Qa3 38. Kf4
Qc1+ 39. Qe3 Qf1+ 40. Qf3 Qc1+ 41. Kg3 Qe1+ 42. Kf4 Qc1+ 1/2-1/2

[Event "27th Open"]
[Site "Cappelle la Grande FRA"]
[Date "2011.03.01"]
[Round "5"]
[White "Jankovic,A"]
[Black "Petrov,Marij"]
[Result "1-0"]
[WhiteElo "2564"]
[BlackElo "2535"]
[EventDate "2011.02.26"]

1. Nf3 g6 2. d4 Bg7 3. c4 c5 4. e4 Qb6 5. dxc5 Qxc5 6. Be2 d6 7. O-O Bg4 8.
Be3 Qc8 9. Nc3 Bxf3 10. Bxf3 Nf6 11. Rc1 O-O 12. c5 dxc5 13. Na4 Nfd7 14.
Nxc5 Nxc5 15. Rxc5 Nc6 16. e5 Qb8 17. e6 fxe6 18. Bxc6 bxc6 19. b3 Qb7 20.
Qc2 Rac8 21. Rc1 Rfd8 22. Qe4 Kf7 23. Ra5 Ra8 24. Rac5 Rac8 25. b4 Qd7 26.
h4 Qd3 27. Qf3+ Bf6 28. b5 Rd5 29. Rxc6 Rcd8 30. a4 Qb3 31. Qf4 Rh5 32. g3
Rd1+ 33. Kg2 Rd7 34. Qc4 Qxc4 35. R1xc4 Be5 36. Bg5 h6 37. g4 Rxg5 38. hxg5
hxg5 39. a5 Rb7 40. b6 axb6 41. a6 Ra7 42. Rxb6 Bd6 43. Kf3 Ke8 44. Rc8+
Kf7 45. Rcc6 Kf6 46. Rb7 Ra8 47. Ke4 Bh2 48. a7 Bg1 49. Rcc7 1-0

[Event "27th Open"]
[Site "Cappelle la Grande FRA"]
[Date "2011.03.01"]
[Round "5"]
[White "Shneider,Alek"]
[Black "Kryvoruchko,Y"]
[Result "1/2-1/2"]
[WhiteElo "2518"]
[BlackElo "2640"]
[EventDate "2011.02.26"]

1. d4 Nf6 2. c4 e6 3. Nf3 c5 4. d5 b5 5. dxe6 fxe6 6. cxb5 d5 7. g3 Bd6 8.
Bg2 a6 9. bxa6 O-O 10. O-O Bxa6 11. Bg5 Nbd7 12. Nc3 h6 13. Bxf6 Nxf6 14.
Qc2 Qe7 15. Rfe1 d4 16. Ne4 Nxe4 17. Qxe4 Bb7 18. Qc2 Qf7 19. Rf1 e5 20. b3
Qd5 21. Qc4 Qxc4 22. bxc4 Ra6 23. Nd2 Bxg2 24. Kxg2 Rfa8 25. Ne4 Bf8 26.
Rfd1 Ra4 27. Rdc1 Rxa2 28. Rxa2 Rxa2 29. Kf3 Kf7 30. g4 Be7 31. Ng3 g6 32.
Ne4 Ra3+ 33. Kg2 Ra2 34. Kf3 1/2-1/2

[Event "27th Open"]
[Site "Cappelle la Grande FRA"]
[Date "2011.03.01"]
[Round "5"]
[White "Pantsulaia,L"]
[Black "Cornette,M"]
[Result "1/2-1/2"]
[WhiteElo "2610"]
[BlackElo "2544"]
[EventDate "2011.02.26"]

1. Nf3 Nf6 2. g3 g6 3. Bg2 Bg7 4. O-O O-O 5. c4 d5 6. cxd5 Nxd5 7. d4 Nc6
8. Nc3 Bf5 9. Ng5 Nxc3 10. bxc3 Na5 11. e4 Bd7 12. e5 c5 13. Re1 cxd4 14.
cxd4 Rc8 15. h4 Rc4 16. Bd5 Bc6 17. Bxc4 Nxc4 18. d5 Bxe5 19. dxc6 Qxd1 20.
Rxd1 Bxa1 21. Bf4 Be5 22. Bxe5 Nxe5 23. cxb7 Rb8 24. Rb1 Nd7 25. Ne4 Kf8
26. a4 Ke8 27. a5 a6 28. Rc1 Kd8 29. Ng5 Ne5 30. f4 1/2-1/2

[Event "27th Open"]
[Site "Cappelle la Grande FRA"]
[Date "2011.03.01"]
[Round "5"]
[White "Leon Hoyos,M"]
[Black "Vovk,Y"]
[Result "1-0"]
[WhiteElo "2565"]
[BlackElo "2539"]
[EventDate "2011.02.26"]

1. c4 Nf6 2. Nc3 g6 3. e4 d6 4. d4 Bg7 5. f3 O-O 6. Nge2 c5 7. Be3 Nc6 8.
d5 Ne5 9. Ng3 h5 10. Be2 h4 11. Nf1 e6 12. Nd2 exd5 13. cxd5 a6 14. a4 Bd7
15. a5 b5 16. axb6 Qxb6 17. Ra2 Qc7 18. O-O c4 19. h3 Bb5 20. Qe1 Nh5 21.
Qxh4 Bf6 22. Bg5 Qc5+ 23. Rf2 Bxg5 24. Qxg5 f6 25. Qh4 Be8 26. f4 g5 27.
fxg5 fxg5 28. Qxg5+ Bg6 29. Nf3 Ra7 30. Na4 Qb4 31. Nxe5 Qe1+ 32. Rf1 Rxf1+
33. Bxf1 Ng3 34. Ra1 Qxa1 35. Qxg3 dxe5 36. Qxg6+ Rg7 37. Qxa6 Qe1 38. Qxc4
Qe3+ 39. Kh1 Rf7 40. Qe2 Qd4 41. Nc3 Rf2 42. Qb5 Qd2 43. Kg1 Qd4 44. Kh2
Qd2 45. Qe8+ Kh7 46. Qh5+ Kg8 47. Qg4+ Kf8 48. Be2 Qxb2 49. Nd1 1-0

[Event "27th Open"]
[Site "Cappelle la Grande FRA"]
[Date "2011.03.01"]
[Round "5"]
[White "Harikrishna,P"]
[Black "Petkov,V"]
[Result "1/2-1/2"]
[WhiteElo "2667"]
[BlackElo "2506"]
[EventDate "2011.02.26"]

1. d4 Nf6 2. c4 e6 3. Nf3 d5 4. g3 Bb4+ 5. Nc3 O-O 6. Bg2 dxc4 7. O-O Nc6
8. Rb1 Rb8 9. a3 Be7 10. Qa4 Bd7 11. Qxc4 b5 12. Qd3 b4 13. axb4 Nxb4 14.
Qd1 c5 15. Bf4 Rc8 16. Ra1 Bc6 17. Be5 cxd4 18. Bxd4 a6 19. Rc1 Qa5 20. Qd2
Rfd8 21. Qe3 Qh5 22. Bxf6 Bxf6 23. Ne4 Be7 24. Rfd1 Qa5 25. Nd4 Bd5 26. h4
h6 27. Bf3 Bf8 28. Nc3 Bxf3 29. Nxf3 Qf5 30. Kg2 Rxd1 31. Rxd1 Bc5 32. Qd2
Bf8 33. Qd7 Qc5 34. Qb7 Qc6 35. Rd7 Qxb7 36. Rxb7 Nc6 37. Rb6 a5 38. Ne4
Nb4 39. Ne5 Nd5 40. Rb7 f6 41. Ng6 h5 42. Nxf8 Kxf8 43. Rb5 Rc2 44. Nc5 Ke7
45. Kf3 Nc7 46. Rxa5 Rxb2 47. Nd3 Rc2 48. Rxh5 e5 49. Rh8 Ne6 50. e3 Rc4
51. Kg2 e4 52. Nb2 Rc2 53. Na4 f5 54. Rb8 g5 55. hxg5 Nxg5 56. Rb5 Kf6 57.
Nc5 Nf3 58. Nb3 Kg5 59. Rd5 Rb2 60. Nc5 Kg4 61. Rd1 Ne5 62. Rh1 Kg5 63.
Ne6+ Kf6 64. Rh6+ Kf7 65. Ng5+ Kg7 66. Rh4 Nd3 67. Nxe4 fxe4 68. Rxe4 Nxf2
1/2-1/2